| 000 | 00656cam a22001695a 4500 | ||
|---|---|---|---|
| 001 | L156609 | ||
| 008 | 120612s1992 xxk f 000 0 eng d | ||
| 035 | _a(Sirsi) u156609 | ||
| 041 | 0 | _aeng | |
| 245 | 0 | 4 |
_aThe estate agency industry _bproposals for change |
| 260 |
_a[S.l.] _b[s.n.] _c[1992] |
||
| 300 |
_a1 v. _c30 cm. |
||
| 520 | _aA research report proposing the establishment of a national computer network to provide a register of all propoerties for sale. This "National Property Register" would be run by a commercial organisation called Demographic Information Marketing. | ||
| 651 | 4 |
_aUnited Kingdom _y |
|
| 690 |
_aSales _96269 |
||
| 942 | _n0 | ||
| 999 |
_c114318 _d114318 |
||